ARRUPE JESUIT UNIVERSITY

CORONAVIRUS -STOP THE SPREAD - CLEAN,DISINFECT,COVER

The edge of glory : (Record no. 123788)

MARC details
000 -LEADER
fixed length control field 00817pam a2200265 a 4500
001 - CONTROL NUMBER
control field 2896448
003 - CONTROL NUMBER IDENTIFIER
control field ARRUPE
005 - DATE AND TIME OF LATEST TRANSACTION
control field 20151112120822.0
008 - FIXED-LENGTH DATA ELEMENTS--GENERAL INFORMATION
fixed length control field 871020r19881985ctua 000 0 eng
010 ## - LIBRARY OF CONGRESS CONTROL NUMBER
LC control number 87031227
020 ## - INTERNATIONAL STANDARD BOOK NUMBER
International Standard Book Number 0819214183 (pbk.)
040 ## - CATALOGING SOURCE
Original cataloging agency DLC
Transcribing agency DLC
Modifying agency DLC
050 00 - LIBRARY OF CONGRESS CALL NUMBER
Classification number BV245
Item number .A3 1988
082 00 - DEWEY DECIMAL CLASSIFICATION NUMBER
Classification number 242/.8/0089916
Edition number 19
300 ## - PHYSICAL DESCRIPTION
Other physical details ill. ;
Dimensions 19 cm.
100 1# - MAIN ENTRY--PERSONAL NAME
Personal name Adam, David.
9 (RLIN) 7123
245 14 - TITLE STATEMENT
Title The edge of glory :
Remainder of title prayers in the Celtic tradition /
Statement of responsibility, etc David Adam.
260 ## - PUBLICATION, DISTRIBUTION, ETC. (IMPRINT)
Place of publication, distribution, etc Wilton, CT :
Name of publisher, distributor, etc Morehouse-Barlow,
Date of publication, distribution, etc 1988,
300 ## - PHYSICAL DESCRIPTION
Extent ix, 107 p. :
500 ## - GENERAL NOTE
General note Reprint. Originally published: London : Triangle, c1985.
650 #0 - SUBJECT ADDED ENTRY--TOPICAL TERM
Topical term or geographic name as entry element Prayers.
9 (RLIN) 21091
906 ## - LOCAL DATA ELEMENT F, LDF (RLIN)
a 7
b cbc
c orignew
d 1
e ocip
f 19
g y-gencatlg
942 ## - ADDED ENTRY ELEMENTS (KOHA)
Source of classification or shelving scheme Library of Congress Classification
Koha item type Monograph ( Printed materials)
Holdings
Withdrawn status Lost status Source of classification or shelving scheme Damaged status Not for loan Collection code Home library Current library Shelving location Date acquired Total Checkouts Full call number Barcode Date last seen Price effective from Koha item type
    Library of Congress Classification     Main Collection ARRUPE LIBRARY ARRUPE LIBRARY Main Collection 12/11/2015   BV245.A3 1988 46500005764 24/01/2017 12/11/2015 Monograph ( Printed materials)

 

Arrupe Library. PO Box MP320 Mt Pleasant, Harare, Zimbabwe
263 242 745411|librarian@aju.ac.zw